000 00690nam 22002173 4500
001 201386
010 _a972-766-066-5
021 _aPT
_b111653/97
090 _a201386
100 _a20260319d u||y0pory50 ba
101 _apor
200 _aA Avó Genoveva
_fRebecca Archer
_gAdaptação em língua portuguesa de Impala
210 _aQueluz
_cImpala
_d1997
215 _a[12] p. com janelas : todo il.
_cEncadernado
_d25 x 22 cm
300 _aLivro com janelinhas e divertidos fantoches
606 _9235
_aLiteratura infantil
675 _a087.5/ARC/AVO
_vPT
_zpor
700 _916904
_aArcher
_bRebecca
801 _aPT
_bBMMN
_gRPC
830 _cCarlos Pinto
_d19-03-2026
_fCarlos Pinto
990 _cLIVROS